000
00298 a2200121 4500
082
_a
428 UNI
090
_c
38800
_d
38800
100
_a
Peshawar University
245
_a
East and West
_h
English
260
_a
Peshawar
_b
University Press Peshawar
_c
2005
300
_a
239p
942
_a
CAE NUST
_k
428 UNI
999
_c
464010
_d
464010